| 000 | 00956nam a2200277 i 4500 | ||
|---|---|---|---|
| 001 | bg | ||
| 100 | 1 | _aGROCKI, Romuald | |
| 245 | 1 | 0 |
_aMetody ograniczania skutków powodzi / _cRomuald Grocki, Włodzimierz Czamara ; Biuro Koordynacji Projektu Banku Światowego. |
| 260 |
_aWrocław : _b"Safege" : _bBKPBŚ, _ccop. 2001. |
||
| 300 |
_a118 s. : _bil., mapy ; _c23 cm. |
||
| 490 | 1 | _aOgraniczanie Skutków Powodzi w Skali Lokalnej | |
| 504 | _aBibliogr. | ||
| 650 | 9 |
_aPowódź _xzapobieganie i zwalczanie _xmetody |
|
| 650 | 9 |
_aSamorząd terytorialny _xa powódź |
|
| 655 | _aPodręczniki | ||
| 700 | 1 | _aCZAMARA, Włodzimierz | |
| 710 | 0 | _aBiuro Koordynacji Projektu Banku Światowego (Wrocław) | |
| 830 | _aOgraniczanie Skutków Powodzi w Skali Lokalnej | ||
| 020 | _a8391497437 | ||
| 040 | _cBPK | ||
| 041 | 0 | _apl | |
| 080 | _a556.166:352/353](07) | ||
| 920 | _a83-914974-3-7 | ||
| 942 | _cKS | ||
| 008 | s pl f |000 0 pol | ||
| 999 |
_c42245 _d42245 |
||
| 856 |
_uhttp://koha.tu.koszalin.pl/cgi-bin/koha/opac-detail.pl?biblionumber=42245 _yKatalog online BPK |
||